| 000 | 00535nam a2200205Ia 4500 | ||
|---|---|---|---|
| 005 | 20260429112321.0 | ||
| 008 | 260429s9999||||xx |||||||||||||| ||und|| | ||
| 020 | _a9788176460552 | ||
| 041 | _aEnglish | ||
| 082 |
_a732.44 _bNAG |
||
| 100 | _aNagar, Shantilal | ||
| 245 | 0 |
_aIconography of Jaina deities, Vol. 2 / _cShantilal Nagar |
|
| 250 | _a1st ed. | ||
| 260 |
_aDelhi : _bB. R. Publishing Corporation, _c2024. |
||
| 300 | _axxii, 510 p.; hb | ||
| 440 | _vVol. 2 | ||
| 650 | _a Art | ||
| 650 | _aJaina gods | ||
| 942 | _cTB | ||
| 999 |
_c53460 _d53460 |
||